| 000 | 01489nam0a2200373 i 4500 | ||
|---|---|---|---|
| 001 | RU\NLR\BIBL_A\010766249 | ||
| 005 | 20260406075549.0 | ||
| 010 |
_a9785000410486 _95000 |
||
| 021 |
_aRU _b2015-27462 _91620 |
||
| 035 | _a(NILC)LIBNET\0000465215 | ||
| 035 | _aRU/RGDB/BIBL/0000362550 | ||
| 035 | _a(NLR Aleph) 010766249 | ||
| 090 |
_a10002292 _c10002292 |
||
| 100 | _a20150526d2014 bc y0rusy50 ca | ||
| 101 | 0 | _arus | |
| 102 | _aRU | ||
| 105 | _aa z 000gy | ||
| 200 | 1 |
_aКошки-мышки _e[стихи _eдля дошкольного возраста] _fВадим Левин _gрис. Алисы Порет |
|
| 210 |
_aМосква _cМелик-Пашаев _d2014 |
||
| 215 |
_a39, [1] с. _cцв. ил. _d27 |
||
| 333 | _a0+ | ||
| 606 | 1 |
_aСтихи о животных _xКошки _2rgdb _3RU\RGDB\RUSMARC\AF\PT\5758 |
|
| 686 |
_aД _vТаблицы для детских и школьных библиотек _2rubbk |
||
| 686 | 0 | _aШ9(2)60=Р7-5 | |
| 700 | 1 |
_8rus _7ca _aЛевин _bВ. А. _cписатель, психолог _f1933- _gВадим Александрович _3RU\NLR\AUTH\7738935 _921919 |
|
| 702 | 1 |
_4440 _aПорет _bА. И. _cхудожник _f1902-1984 _gАлиса Ивановна _3RU\NLR\AUTH\770128008 _9127982 |
|
| 801 | 0 |
_aRU _bРГДБ _c20140715 |
|
| 801 | 1 |
_aRU _bРГДБ _c20140715 |
|
| 801 | 2 |
_aRU _bРГДБ _c20140724 _2rusmarc |
|
| 942 | _cBOOK | ||
| 980 | _aNBR | ||